|
|
|
|
| LEADER |
01783nam a22004577a 4500 |
| 001 |
35571 |
| 003 |
BD-DhAAL |
| 005 |
20211130121116.0 |
| 008 |
190926t1984 wau||||| b||| 001 0 eng d |
| 999 |
|
|
|c 41436
|d 41436
|
| 020 |
|
|
|a 0935302026
|
| 040 |
|
|
|a BD-DhAAL
|
| 082 |
|
|
|a 370.78073
|
| 245 |
|
|
|a Review of research in education /
|n volume 11, 1984
|c edited by Edmund W Gordon; contributors, Stella Chess...[et..al]
|
| 246 |
|
|
|a Review of research in education
|
| 260 |
|
|
|a Washington, D.C. :
|b American Educational Research Association,
|c 1984
|
| 300 |
|
|
|a vii, 413 pages ;
|c 24 cm.
|
| 362 |
|
|
|a volumes 11, 1984
|
| 526 |
|
|
|a BIED
|
| 541 |
|
|
|a Complimentary copy from BIED
|e 35571
|
| 650 |
|
|
|a Education
|x Research
|z United States
|v Periodicals.
|9 35427
|
| 650 |
|
|
|a Education
|x Research.
|9 35428
|
| 650 |
|
|
|a Social science
|9 35558
|
| 700 |
|
|
|a Gordon, Edmund W.
|9 35429
|
| 700 |
|
|
|a Chess, Stella
|9 35578
|
| 700 |
|
|
|a Clarke, Ann M.
|9 35430
|
| 700 |
|
|
|a Gordon, Susan G.
|9 35431
|
| 700 |
|
|
|a Hamilton, Stephen F.
|9 35432
|
| 700 |
|
|
|a Lindvall, C. Mauritz
|9 35433
|
| 700 |
|
|
|a Lynch, Patrick D.
|9 35434
|
| 700 |
|
|
|a Reynolds, Maynard C.
|9 35435
|
| 700 |
|
|
|a Scott-jones, Diane
|9 35436
|
| 700 |
|
|
|a Tason, Maritza
|9 35437
|
| 700 |
|
|
|a Walberg, Herbert J.
|9 35438
|
| 700 |
|
|
|a Walberg, Herbert J.
|9 35438
|
| 700 |
|
|
|a Walker, Sylvia
|9 35439
|
| 700 |
|
|
|a Wang, Margaret C.
|9 35440
|
| 710 |
|
|
|a American Educational Research Association,
|e issuing body.
|9 35441
|
| 852 |
|
|
|a Ayesha Abed Library
|c BIED Collection
|
| 942 |
|
|
|2 ddc
|c BK
|
| 952 |
|
|
|0 0
|1 0
|2 ddc
|4 0
|6 370_780730000000000_REV
|7 0
|9 66538
|a BRACUL
|b BRACUL
|c GEN
|d 2019-09-26
|e Complimentary copy from BIED
|l 0
|o 370.78073 REV
|p 3010035571
|r 2019-09-26
|t 1
|w 2019-09-26
|y BK
|x Transferred from BIED to General Stacks
|